000 00593nam a2200217Ia 4500
003 BUBTL
008 151213s9999 xx 000 0 und d
041 _aEnglish
082 _a340/ J559j/ 2007
100 _aNashirvan H. Jhabvala
_94182
245 _aThe Elements of Jurisprudence - 2007
_cNashirvan H. Jhabvala
260 _aMumbai
_bC. Jamnadas & Com.
_cc2007
300 _a220 p . :
_c22 cm.
526 _aLaw
650 _aLaw
650 _aLaw
_94184
700 _aNashirvan H. Jhabvala
_94182
856 _k0
_l0
_yDownload
942 _2ddc
_cBK
999 _c3425
_d3425